Údržba, opravy a seřizování motocyklů

Bibliographic Details
Main Author: Husák, Pavel (Author)
Format: Book
Language:Undetermined
PhysicalDescription:135 s.
Published: Praha Naše vojsko 1964

MARC

LEADER 00000nam a2200000 a 4500
001 vtls001373745
003 SK-MaSNL
005 20260301011106.0
008 240318s1964 xx 0 und
035 |a SNK000327617 
040 |a SNK  |b slo  |c SNK  |e AACR2 
100 1 |a Husák, Pavel  |4 aut  |9 286198 
245 1 0 |a Údržba, opravy a seřizování motocyklů 
260 |a Praha  |b Naše vojsko  |c 1964 
300 |a 135 s. 
958 |a OND 
999 |c 549986  |d 551916 
952 |a SNK  |b SNK  |y VYP  |7 0  |p 17A0133968  |o snkID 36974  |i snkKIP 7349/64  |0 0  |1 0  |4 0  |d 1999-10-05  |l 0  |r 2005-01-02 00:00:00  |w 2026-02-23